[Event "5th Kolkata Open"]
[Site "Kolkata IND"]
[Date "2012.12.13"]
[Round "11.10"]
[White "Stany,G"]
[Black "Oleksienko,M"]
[Result "0-1"]
[WhiteElo "2437"]
[BlackElo "2573"]

1.e4 c5 2.Nf3 d6 3.Bb5+ Nd7 4.d4 cxd4 5.Qxd4 a6 6.Bxd7+ Bxd7 7.O-O e5 8.Qd3 Rc8
9.c4 b5 10.Na3 Qb6 11.b3 h6 12.Nc2 Nf6 13.Ba3 Be7 14.Rfd1 Qc6 15.Nd2 O-O
16.Ne3 Qb6 17.Nb1 Be6 18.cxb5 axb5 19.Bb2 Qb7 20.Nc3 b4 21.Ncd5 Nxd5 22.Nxd5 Bxd5
23.Qxd5 Qxd5 24.Rxd5 Rc2 25.Bc1 Ra8 26.Bd2 Bg5 27.Bxg5 hxg5 28.Kf1 Rb2 29.Ke1 Ra6
30.Rd2 Rxb3 31.Rxd6 Rxd6 32.axb3 Rd3 33.Rb1 g4 34.Ke2 Rc3 35.Kd2 Kh7 36.Rc1 Rxb3
37.Rc6 Rb2+ 38.Ke3 b3 39.Rb6 f6 40.Rb7 Kh6 41.Rb6 Rb1 42.Ke2 b2 43.g3 Kh7
44.Rb7 Kg6 45.Rb6 Kg5 46.Rb7 g6 47.Rb6 f5 48.Rb5 fxe4 49.Rxe5+ Kf6 50.Rb5 e3
51.fxe3 Rh1  0-1

[Event "5th Kolkata Open"]
[Site "Kolkata IND"]
[Date "2012.12.13"]
[Round "11.26"]
[White "G.,A"]
[Black "Konguvel,P"]
[Result "1-0"]
[WhiteElo "2404"]
[BlackElo "2359"]

1.e4 c5 2.Nf3 d6 3.Bb5+ Nc6 4.Bxc6+ bxc6 5.O-O e5 6.c3 f5 7.exf5 Be7 8.Qa4 Nf6
9.d4 cxd4 10.cxd4 e4 11.Ne5 dxe5 12.dxe5 O-O 13.exf6 Rxf6 14.Nc3 Bxf5 15.Nxe4 Re6
16.Ng3 Bg6 17.Be3 Bf6 18.Rad1 Qe7 19.b3 a5 20.Qc4 Bf7 21.Nf5 Qb4 22.Rd7 Qxc4
23.bxc4 Be8 24.Rb7 Bg6 25.Ng3 Rd8 26.Ra7 Bc3 27.h4 Ree8 28.Ne2 Bd2 29.Bxd2 Rxd2
30.Nf4 Bf7 31.Rb1 Rd6 32.Rbb7 Rf6 33.g3 h6 34.h5 Re5 35.a4 Rxf4 36.gxf4 Rf5
37.Rb8+ Kh7 38.Rf8  1-0

[Event "4th Penang Heritage City Open"]
[Site "Penang MAS"]
[Date "2012.12.13"]
[Round "6.23"]
[White "Tan,Jun Feng"]
[Black "Tan Weiliang"]
[Result "0-1"]
[WhiteElo "1883"]
[BlackElo "2214"]

1.e4 c5 2.Nf3 d6 3.Bb5+ Bd7 4.Bxd7+ Qxd7 5.c4 Nc6 6.d4 cxd4 7.Nxd4 g6 8.Nc3 Bg7
9.Be3 Nf6 10.f3 O-O 11.O-O Rac8 12.b3 a6 13.Rc1 Qd8 14.Qd2 Re8 15.Rfd1 Nd7
16.Nde2 Qa5 17.Nd5 Qxd2 18.Rxd2 Nce5 19.Rcd1 Kf8 20.Nd4 e6 21.Nc3 Nc5 22.Nde2 Ke7
23.Rc2 h6 24.Bd4 Bf6 25.Rcd2 g5 26.Nc1 Red8 27.Kf1 Rc6 28.Kg1 Rb8 29.a4 Rg8
30.Kf1 h5 31.Kg1 Ned7 32.Bxf6+ Nxf6 33.Re1 Nfd7 34.b4 Nxa4 35.Nxa4 Rxc4 36.Nd3 Rgc8
37.Red1 b5 38.Nab2 Rc3 39.Kf2 R8c6 40.h4 g4 41.Re1 Rc8 42.Nf4 gxf3 43.gxf3 Ne5
44.Re3 Rxe3 45.Kxe3 Rc3+ 46.Ke2 Rxf3 47.Nbd3 Rg3 48.Nxe5 dxe5 49.Nxh5 Rh3
50.Kf2 Rh2+ 51.Ke3 Rh3+ 52.Kf2 Rxh4 53.Ng3 f5 54.Kf3 f4 55.Nf1 Rh3+ 56.Kf2 Rb3
57.Ra2 Rxb4 58.Rxa6 Rxe4 59.Rb6 Rb4 60.Kf3 Rb2 61.Rb8 Kd6 62.Ke4 Re2+ 63.Kf3 Re1
64.Kf2 Rb1 65.Nd2 Rb2 66.Ke1 Kc5 67.Re8 Kd5 68.Rd8+ Kc6 69.Re8 Kd7 70.Rb8 Rb4
71.Rb7+ Kd6 72.Rb8 e4 73.Rd8+ Ke5  0-1

[Event "XI Mario Covas Jr"]
[Site "Santos BRA"]
[Date "2012.12.13"]
[Round "5.1"]
[White "Barbosa,Ev"]
[Black "Barreto Filho,C"]
[Result "1-0"]
[WhiteElo "2413"]
[BlackElo "2258"]

1.e4 c5 2.Nf3 d6 3.Bb5+ Bd7 4.Bxd7+ Qxd7 5.c4 Nf6 6.Nc3 g6 7.d4 cxd4 8.Nxd4 Bg7
9.f3 O-O 10.Be3 Rc8 11.b3 Nc6 12.Nde2 Qd8 13.O-O a6 14.a4 Nd7 15.Rb1 Nb4
16.Qd2 a5 17.Rfd1 Nc5 18.Nd4 Qf8 19.Kh1 h5 20.Ndb5 Kh7 21.Qe2 Bh6 22.Bf2 Qh8
23.Bh4 g5 24.Bf2 Bg7 25.Nd5 Nxd5 26.exd5 Be5 27.g3 Bf6 28.f4 g4 29.Kg2 Kg7
30.Rh1 Qh7 31.Bxc5 Rxc5 32.h3 gxh3+ 33.Kxh3 Rac8 34.Rbd1 Qf5+ 35.Kg2 h4 36.Kf3 hxg3
37.Rdg1 Kf8 38.Rxg3 Rxd5 39.cxd5 Rc2 40.Qd1 Bc3 41.Rg2  1-0

[Event "Amplico ch-EUR Blitz"]
[Site "Warsaw POL"]
[Date "2012.12.14"]
[Round "3.2"]
[White "Rublevsky,S"]
[Black "Kanarek,M"]
[Result "0-1"]
[WhiteElo "2688"]
[BlackElo "2482"]

1.e4 c5 2.Nf3 d6 3.Bb5+ Bd7 4.Bxd7+ Qxd7 5.O-O Nc6 6.c3 g6 7.d4 cxd4 8.cxd4 Bg7
9.Nc3 Nf6 10.d5 Ne5 11.Nxe5 dxe5 12.f3 O-O 13.Qb3 Rfc8 14.Be3 Ne8 15.Qb5 Qxb5
16.Nxb5 a6 17.Na3 Nd6 18.Rac1 f5 19.exf5 gxf5 20.b3 b5 21.Rc5 Rxc5 22.Bxc5 Rc8
23.b4 Kf7 24.Nb1 Nc4 25.Rd1 Rd8 26.Nc3 e4 27.Ne2 exf3 28.gxf3 Be5 29.Kf2 Rg8
30.f4 Bd6 31.Kf3 Rg4 32.Bxd6 exd6 33.Nd4 Kf6 34.h3 Rg8 35.Ne6 Rc8 36.Rc1 Nd2+
37.Ke2 Rxc1 38.Kxd2 Ra1 39.Ke3 Rxa2 40.h4 Rb2 41.Nc7 Rxb4 42.Nxa6 Re4+ 43.Kf3 b4
44.Nc7 b3 45.Nb5 b2 46.Nc3 Re1  0-1

[Event "III ITT JAHV McGREGOR"]
[Site "Bogota COL"]
[Date "2012.12.15"]
[Round "7.65"]
[White "Patino,D"]
[Black "Sanchez Sandoval,Gonzalo"]
[Result "0-1"]
[WhiteElo "1812"]
[BlackElo "2068"]

1.e4 c5 2.Nf3 d6 3.Bb5+ Bd7 4.Bxd7+ Qxd7 5.O-O Nc6 6.c3 Nf6 7.Re1 e6 8.d4 cxd4
9.cxd4 d5 10.Nc3 Bb4 11.e5 Ng8 12.Bd2 h5 13.a3 Be7 14.Rc1 Nh6 15.Bxh6 Rxh6
16.b4 g5 17.Qd3 g4 18.Nd2 Kf8 19.Nb3 b6 20.b5 Nd8 21.a4 Kg7 22.f3 Bh4 23.Re2 Bg5
24.Rcc2 Qe7 25.a5 Rc8 26.axb6 axb6 27.Na4 Rxc2 28.Rxc2 Qb4 29.f4 Bxf4 30.g3 Bxg3
31.Nxb6 Qe1+ 32.Qf1 Qe3+ 33.Kg2 Qe4+ 34.Kxg3 h4+ 35.Kf2 Qxc2+ 36.Qe2 g3+
37.hxg3 hxg3+ 38.Kf3 Qxb3+  0-1

[Event "Malmo Open"]
[Site "Malmo SWE"]
[Date "2012.12.15"]
[Round "4"]
[White "Svensson,Anders2"]
[Black "Rosell,T"]
[Result "1-0"]
[WhiteElo "2108"]
[BlackElo "2141"]

1.e4 c5 2.Nf3 d6 3.Bb5+ Nc6 4.O-O Bd7 5.Re1 a6 6.Bf1 h6 7.d4 cxd4 8.Nxd4 Nf6
9.Nc3 e6 10.Be3 Be7 11.Qf3 Ne5 12.Qe2 Rc8 13.Rad1 b5 14.f4 Nc4 15.Bc1 b4
16.Nb1 d5 17.exd5 Nxd5 18.Nf5 exf5 19.Rxd5 Qb6+ 20.Kh1 Be6 21.Rxf5 O-O 22.Rh5 Nd6
23.f5 Nxf5 24.Rxf5 Bxf5 25.Qxe7 Rxc2 26.Nd2 Qf2 27.Nf3 Bg4 28.Be3  1-0

[Event "4th Penang Heritage City Open"]
[Site "Penang MAS"]
[Date "2012.12.15"]
[Round "9.43"]
[White "Ooi,Yen Hoe"]
[Black "Tan,Tze Lin Tommy"]
[Result "0-1"]
[WhiteElo "1674"]
[BlackElo "1631"]

1.e4 c5 2.Nf3 d6 3.Bb5+ Bd7 4.Bxd7+ Nxd7 5.O-O Ngf6 6.Re1 e5 7.c3 g6 8.d4 Bg7
9.Nbd2 O-O 10.Nc4 Qc7 11.dxe5 dxe5 12.a4 Rad8 13.Qc2 Ne8 14.Be3 Nd6 15.Nxd6 Qxd6
16.Rad1 Qc7 17.Rd5 b6 18.Red1 Nb8 19.Qd2 Nc6 20.Bh6 f6 21.Bxg7 Kxg7 22.h3 Rxd5
23.exd5 Nd8 24.b4 Nb7 25.Ne1 Nd6 26.b5 Rd8 27.Qa2 f5 28.Nc2 Qe7 29.Ne3 e4
30.Nc4 f4 31.Nxd6 Rxd6 32.Qe2 Kf6 33.c4 Rd8 34.Re1 Re8 35.Qg4 Qe5 36.Qe2 h5
37.Qc2 e3 38.Qe2 exf2+ 39.Kxf2 Qd4+ 40.Kf3 Rxe2 41.Rxe2 Qd3+ 42.Kf2 Qxc4
43.Rd2 Ke7 44.d6+ Kd7 45.Kf3 Qxa4 46.g4 fxg3 47.Kxg3 Qxb5 48.Kf4 Qb4+ 49.Ke3 Qxd2+
50.Kxd2 Kxd6 51.h4 c4 52.Kc3 b5 53.Kb4 a5+ 54.Ka3 b4+ 55.Kb2 c3+ 56.Kc2 a4
57.Kb1 b3 58.Ka1 a3 59.Kb1 c2+ 60.Kc1 a2 61.Kb2 a1=Q+  0-1

[Event "Subotica IM 2012"]
[Site "Subotica SRB"]
[Date "2012.12.15"]
[Round "2.3"]
[White "Cabarkapa,N"]
[Black "Stankovic,Milo"]
[Result "1/2-1/2"]
[WhiteElo "2313"]
[BlackElo "2359"]

1.e4 c5 2.Nf3 d6 3.Bb5+ Nd7 4.d4 cxd4 5.Qxd4 a6 6.Bxd7+ Bxd7 7.c4 e5 8.Qd3 b5
9.Na3 Qb6 10.O-O Qb7 11.Re1 h6 12.Bd2 Nf6  1/2-1/2

[Event "Amplico ch-EUR Rapid"]
[Site "Warsaw POL"]
[Date "2012.12.15"]
[Round "2.34"]
[White "Sztwiertnia,K"]
[Black "Zhigalko,A"]
[Result "0-1"]
[WhiteElo "2077"]
[BlackElo "2589"]

1.e4 c5 2.Nf3 d6 3.Bb5+ Bd7 4.Bxd7+ Nxd7 5.O-O Ngf6 6.Re1 e6 7.d4 cxd4 8.Qxd4 Be7
9.c4 O-O 10.Nc3 a6 11.b3 Qc7 12.Bg5 Rfd8 13.Rac1 Ne5 14.Nd2 h6 15.Bxf6 Bxf6
16.Qe3 Rac8 17.Nf1 Ng6 18.g3 b5 19.Ne2 Qa5 20.cxb5 axb5 21.Qd2 Qxd2 22.Nxd2 Ne5
23.Rxc8 Rxc8 24.Rc1 Ra8 25.Rc2 Nd3 26.a4 bxa4 27.bxa4 Rxa4 28.Rc8+ Kh7  0-1

[Event "Amplico ch-EUR Rapid"]
[Site "Warsaw POL"]
[Date "2012.12.15"]
[Round "2.33"]
[White "Neiksans,A"]
[Black "Reza,W"]
[Result "1-0"]
[WhiteElo "2534"]
[BlackElo "2079"]

1.e4 c5 2.Nf3 d6 3.Bb5+ Bd7 4.Bxd7+ Nxd7 5.O-O e6 6.c3 Ngf6 7.Qe2 Be7 8.d4 O-O
9.Nbd2 cxd4 10.cxd4 d5 11.e5 Ne8 12.Rd1 Rc8 13.Nf1 Qa5 14.Bg5 Bxg5 15.Nxg5 g6
16.h4 Ng7 17.Ne3 f6 18.exf6 Nxf6 19.Rac1 Rxc1 20.Rxc1 Qb6 21.Qd2 h6 22.Nf3 Ne4
23.Qc2 Kh7 24.b3 Rf7 25.Ng4 Ne8 26.Qc8 Re7 27.Nge5 Qa5 28.a4 Qb6 29.Nd7 Qxb3
30.Nf8+ Kg7 31.Nxe6+ Kg8 32.Rc7 Nd6 33.Rxe7 Nxc8 34.Rxe8+ Kf7 35.Nc7 Nd6
36.Ne5+ Kg7 37.Re7+ Kf8 38.Rd7 Qb1+ 39.Kh2 Ne8 40.Rf7+ Kg8 41.Nxe8  1-0

[Event "Amplico ch-EUR Rapid"]
[Site "Warsaw POL"]
[Date "2012.12.15"]
[Round "2.27"]
[White "Rozentalis,E"]
[Black "Winiarski,M"]
[Result "1-0"]
[WhiteElo "2602"]
[BlackElo "2089"]

1.e4 c5 2.Nf3 d6 3.Bb5+ Bd7 4.Bxd7+ Nxd7 5.O-O g6 6.c3 Bg7 7.d4 cxd4 8.cxd4 e5
9.dxe5 dxe5 10.Nc3 Ne7 11.Bg5 O-O 12.Qd6 f6 13.Rad1 Nc6 14.Be3 Rf7 15.Nb5 Bf8
16.Qd3 Qa5 17.a3 a6 18.Nd6 Bxd6 19.Qxd6 Nf8 20.Rd5 Qa4 21.Nd2 Rd8 22.Qc5 Rfd7
23.b3 Qb5 24.Qxb5 axb5 25.Rxb5 Rxd2 26.Bxd2 Rxd2 27.Rxb7 Ra2 28.a4 Nd4 29.Rb1 Nfe6
30.b4 Rxa4 31.b5 Nb3 32.b6 Rb4 33.f3 Nec5 34.Rc7 Ne6 35.Rc3 Ned4 36.Rc8+ Kf7
37.Rc7+ Ke6 38.b7 Kd6 39.Rxh7 Ne6 40.h4 Nc7 41.Rf7 Rxb7 42.Rxf6+ Ne6 43.Rxg6 Rb8
44.Rb2 Ke7 45.Rh6 Kf7 46.Rh5 Kf6 47.Rf5+ Kg6 48.Rxe5 Ned4 49.Ra2 Rb6 50.Kh2 Rf6
51.Rd5 Ne6 52.Ra6 Nbc5 53.Rc6 Nb7 54.h5+ Kh6 55.Rf5 Kg7 56.Rxf6 Kxf6 57.f4 Nd8
58.Rb6 Kg7 59.Kg3  1-0

[Event "Amplico ch-EUR Rapid"]
[Site "Warsaw POL"]
[Date "2012.12.15"]
[Round "3.7"]
[White "Edouard,R"]
[Black "Sudakova,I"]
[Result "1-0"]
[WhiteElo "2686"]
[BlackElo "2340"]

1.e4 c5 2.Nf3 d6 3.Bb5+ Bd7 4.Bxd7+ Qxd7 5.O-O Nc6 6.Qe2 g6 7.c3 Bg7 8.Rd1 Rc8
9.Na3 e6 10.d4 cxd4 11.cxd4 d5 12.exd5 Qxd5 13.Nb5 Nge7 14.Bg5 O-O 15.Bxe7 Nxe7
16.Nxa7 Rc4 17.a4 Nf5 18.Nb5 Rfc8 19.Nc3 Qa5 20.Qe4 Qb4 21.Nb5 Nd6 22.Nxd6 Qxd6
23.Qxb7 Rb8 24.Qe4 Rxb2 25.a5 Qa6 26.Ne5 Bxe5 27.Qxe5 Rb5 28.Qe2 Rc6 29.Qd2 Rd6
30.Ra4 Rbd5 31.f4 Qb5 32.Rda1 Ra6 33.h3 Qd7 34.Qd3 Qa7 35.Qc3 e5 36.fxe5 Rxe5
37.Qc8+ Kg7 38.Qxa6 Qxa6 39.dxe5 h5 40.Kh1 g5 41.Rb4 h4 42.Rb6 Qa7 43.Rf6 Qd4
44.Raf1 Qxe5 45.a6 Qa5 46.Rxf7+ Kg8 47.a7  1-0

[Event "Amplico ch-EUR Rapid"]
[Site "Warsaw POL"]
[Date "2012.12.15"]
[Round "4.24"]
[White "Deszczynski,A"]
[Black "Swiercz,D"]
[Result "0-1"]
[WhiteElo "2371"]
[BlackElo "2627"]

1.e4 c5 2.Nf3 d6 3.Bb5+ Nd7 4.d4 cxd4 5.Qxd4 a6 6.Bxd7+ Bxd7 7.Bg5 h6 8.Bh4 Nf6
9.Bxf6 gxf6 10.Nc3 Rc8 11.O-O e6 12.Rfe1 Be7 13.Rad1 Qa5 14.e5 Qc5 15.exd6 Qxd4
16.Rxd4 Bd8 17.Nd2 b5 18.a3 Kf8 19.Rd3 Rg8 20.b4 Bb6 21.Nce4 Rg6 22.Rc3 Rxc3
23.Nxc3 Bc6 24.g3 Ke8 25.Nde4 Kd7 26.Rd1 f5 27.Nc5+ Bxc5 28.bxc5 f4 29.a4 b4
30.Ne2 Rg5 31.Nxf4 Rxc5 32.Nd3 Rd5 33.Re1 a5 34.Ne5+ Kxd6 35.Nxf7+ Ke7 36.Nxh6 Bxa4
37.Rc1 Rc5 38.Ng4 Bxc2 39.Ne3 b3 40.Ra1  0-1

[Event "Amplico ch-EUR Rapid"]
[Site "Warsaw POL"]
[Date "2012.12.15"]
[Round "5.37"]
[White "Szyszylo,R"]
[Black "Andriasian,Z"]
[Result "0-1"]
[WhiteElo "2194"]
[BlackElo "2605"]

1.e4 c5 2.Nf3 d6 3.Bb5+ Nc6 4.O-O Bd7 5.Re1 a6 6.Bxc6 Bxc6 7.d4 cxd4 8.Nxd4 Nf6
9.Nxc6 bxc6 10.c4 g6 11.Nc3 Bg7 12.Be3 O-O 13.Rc1 Nd7 14.b3 c5 15.Qd2 Ne5
16.h3 Nc6 17.Bh6 Nd4 18.Bxg7 Kxg7 19.Ne2 e5 20.Nxd4 cxd4 21.c5 Rc8 22.b4 Qd7
23.Rc4 dxc5 24.bxc5 Rc6 25.f4 f6 26.Rf1 Qe7 27.fxe5 fxe5 28.Rxf8 Qxf8 29.Qb4 Qe7
30.Rc1 h5 31.Qc4 Qg5 32.Rf1 Qe7 33.Rc1 d3 34.Qxd3 Rxc5 35.Rxc5 Qxc5+ 36.Kh2 Qc6
37.a3 h4 38.g3 hxg3+ 39.Kxg3 Qf6 40.Qd7+ Kh6 41.Qg4 Qf8 42.Qf3 Qxf3+ 43.Kxf3 Kh5
44.Kg3 g5 45.a4 a5 46.Kf3 Kh4 47.Kg2 g4  0-1

[Event "Amplico ch-EUR Rapid"]
[Site "Warsaw POL"]
[Date "2012.12.15"]
[Round "6.41"]
[White "Bernotas,A"]
[Black "Dragun,K"]
[Result "0-1"]
[WhiteElo "2268"]
[BlackElo "2461"]

1.e4 c5 2.Nf3 d6 3.Bb5+ Nd7 4.O-O a6 5.Bxd7+ Bxd7 6.d4 cxd4 7.Qxd4 e5 8.Qd3 h6
9.Nc3 Nf6 10.Nd2 b5 11.a4 b4 12.Nd5 Nxd5 13.exd5 Be7 14.f4 exf4 15.Nc4 g5
16.b3 Bf6 17.Bb2 O-O 18.Bxf6 Qxf6 19.g3 Bf5 20.Qd2 Bh3 21.Rf2 Qxa1+  0-1

[Event "SportAccord Blitz Men 2012"]
[Site "Beijing CHN"]
[Date "2012.12.16"]
[Round "1.7"]
[White "Bologan,V"]
[Black "Wang Hao"]
[Result "1-0"]
[WhiteElo "2681"]
[BlackElo "2737"]

1.e4 c5 2.Nf3 d6 3.Bb5+ Nc6 4.O-O Bd7 5.Re1 Nf6 6.h3 a6 7.Bf1 e5 8.c3 Be7
9.d4 Qc7 10.Na3 O-O 11.Nc2 b5 12.Bg5 h6 13.Bh4 Rfe8 14.Rc1 Nh7 15.Bg3 Ng5
16.Nh2 Rac8 17.f4 exf4 18.Bxf4 Qa7 19.Kh1 Bf8 20.d5 Ne5 21.Qd2 Nh7 22.Nf3 Ng6
23.Bh2 Be7 24.e5 dxe5 25.d6 Bg5 26.Nxg5 Nxg5 27.Ne3 Bc6 28.Nd5 Bxd5 29.Qxd5 Qd7
30.Rcd1 e4 31.a4 c4 32.axb5 axb5 33.Bg3 e3 34.Kh2 Re6 35.h4 Ne4 36.Rxe3 Nxg3
37.Rxg3 Nxh4 38.Qh5 Ng6 39.Qg4 Rd8 40.Rd5 Rxd6 41.Qxd7 R6xd7 42.Rxb5 Rc7
43.Rg4 Rdc8 44.Be2 Kf8 45.Kg1 Ke7 46.Re4+ Kf8 47.Rg4 Ke7 48.Re4+ Kd6 49.Rd4+ Ke7
50.Re4+ Kd8 51.Bg4 Ne7 52.Bxc8 Kxc8 53.Rb4 Nc6 54.Rbxc4 Kb7 55.Rc5 Rd7 56.Rec4 Na7
57.Rb4+ Ka8 58.Re5 Nc6 59.Re8+ Ka7 60.Rb3 f5 61.Re1 Ka6 62.Ra1+  1-0

[Event "Frau Bundesliga Div1 2012-13"]
[Site "Germany GER"]
[Date "2012.12.16"]
[Round "5.3"]
[White "Yildiz,B"]
[Black "Stockova,Z"]
[Result "1-0"]
[WhiteElo "2379"]
[BlackElo "2352"]

1.e4 c5 2.Nf3 d6 3.Bb5+ Nd7 4.d4 cxd4 5.Qxd4 a6 6.Bxd7+ Bxd7 7.c4 Nf6 8.Nc3 e6
9.O-O Qc7 10.a4 Be7 11.b3 O-O 12.Ba3 Rfd8 13.Rac1 b6 14.Rfd1 Ne8 15.Qe3 Qb7
16.Nd4 Bf8 17.Qg3 Rdc8 18.Qh4 h6 19.Rd3 g6 20.e5 b5 21.axb5 axb5 22.Ndxb5 Rxa3
23.Nxa3 Qxb3 24.Nab1 Rxc4 25.Qd8 Rc7 26.exd6 Rb7 27.Rcd1 Kg7 28.Qa5 Kg8 29.h3 Qc2
30.Na3 Qb2 31.Rb1  1-0

[Event "XXIV Carlos Torre Magistral 2012"]
[Site "Merida MEX"]
[Date "2012.12.16"]
[Round "4.4"]
[White "Martinez Duany,L"]
[Black "Abreu Delgado,A"]
[Result "0-1"]
[WhiteElo "2463"]
[BlackElo "2462"]

1.e4 c5 2.Nf3 d6 3.Bb5+ Bd7 4.Bxd7+ Qxd7 5.c4 Nf6 6.Nc3 g6 7.d4 cxd4 8.Nxd4 Bg7
9.f3 O-O 10.Be3 Nc6 11.Rc1 a6 12.O-O Rfc8 13.Na4 Qd8 14.Nxc6 Rxc6 15.Qb3 Qc7
16.Nb6 Rb8 17.Rfd1 e6 18.a4 Qe7 19.Qa3 Nd7 20.Nxd7 Qxd7 21.c5 d5 22.exd5 exd5
23.b4 Re6 24.Bf2 Re2 25.Qd3 Rb2 26.Bd4 Bxd4+ 27.Qxd4 Re2 28.Qd3 Rbe8 29.b5 axb5
30.axb5 Qe7 31.Kf1 Qe5 32.Rc2 Re1+ 33.Kf2 Qxh2 34.Rxe1 Qh4+ 35.g3 Qh2+ 36.Kf1 Qh1+
37.Kf2 Rxe1 38.f4 h5 39.c6 Qg1+ 40.Kf3 Rf1+ 41.Qxf1 Qxf1+ 42.Ke3 bxc6 43.bxc6 Qe1+
44.Kd4 Qxg3 45.c7 Qxf4+ 46.Kd3 Qf5+ 47.Kc3 h4 48.Kb3 Qc8 49.Kb4 h3  0-1

[Event "Amplico ch-EUR Rapid"]
[Site "Warsaw POL"]
[Date "2012.12.16"]
[Round "8.48"]
[White "Rjabzev,K"]
[Black "Nedilko,V"]
[Result "0-1"]
[WhiteElo "2287"]
[BlackElo "2396"]

1.e4 c5 2.Nf3 d6 3.Bb5+ Nd7 4.O-O Nf6 5.Re1 a6 6.Bf1 e5 7.a4 b6 8.c4 g6 9.d3 Bg7
10.Nc3 O-O 11.h3 Rb8 12.Bg5 h6 13.Be3 Ne8 14.Kh1 Nc7 15.Ra3 f5 16.exf5 gxf5
17.Ng1 Nf6 18.Be2 d5 19.cxd5 Ncxd5 20.Nxd5 Nxd5 21.Bf3 a5 22.Bc1 Nb4 23.Ne2 Ba6
24.Qb3+ Kh8 25.Ng3 Nxd3 26.Rf1 e4 27.Bh5 Qd4 28.Be3 Qxb2 29.Qe6 Qf6 30.Qxf6 Rxf6
31.Be2 Rff8 32.f3 c4 33.fxe4 fxe4 34.Rxf8+ Bxf8 35.Ra1 Bg7 36.Rb1 c3 37.Rxb6 Rxb6
38.Bxb6 c2 39.Be3 Bb2 40.Nxe4 Nf2+ 41.Nxf2 Bxe2 42.Bxh6 c1=Q+ 43.Bxc1 Bxc1
44.g4 Bf3+ 45.Kh2 Bf4+ 46.Kg1 Bc6 47.Nd3 Be3+ 48.Kf1 Bxa4 49.Ke2 Bd4 50.Nf4 Bb5+
51.Kd2 Bc4 52.Ne6 Bg7 53.Nd8 a4 54.Nc6 Kh7 55.Nb4 a3  0-1

[Event "Amplico ch-EUR Rapid"]
[Site "Warsaw POL"]
[Date "2012.12.16"]
[Round "8.49"]
[White "Pedzich,D"]
[Black "Lach,A"]
[Result "0-1"]
[WhiteElo "2395"]
[BlackElo "2176"]

1.e4 c5 2.Nf3 d6 3.Bb5+ Bd7 4.Bxd7+ Nxd7 5.O-O Ngf6 6.Qe2 e6 7.c3 Be7 8.d4 cxd4
9.cxd4 d5 10.e5 Ne4 11.Ne1 f5 12.f3 Ng5 13.Nd3 O-O 14.Be3 Rc8 15.Nc3 Nb6
16.Rad1 Nc4 17.Bf2 Nf7 18.g4 fxg4 19.fxg4 Ng5 20.Kg2 Qb6 21.Na4 Qb5 22.b3 Na3
23.Bh4 Rxf1 24.Kxf1 Nc2 25.Bf2 Ne4 26.Bg1 Nb4 27.Rc1 Rf8+ 28.Nf2 Qxe2+ 29.Kxe2 Nxf2
30.Rc7 Nh3 31.Be3 b5 32.Nc3 Bg5 33.Nxb5 a6 34.Nc3 Bxe3 35.Kxe3 Nf2  0-1

[Event "Amplico ch-EUR Rapid"]
[Site "Warsaw POL"]
[Date "2012.12.16"]
[Round "10.42"]
[White "Berzina,I"]
[Black "Andriasian,Z"]
[Result "1/2-1/2"]
[WhiteElo "2292"]
[BlackElo "2605"]

1.e4 c5 2.Nf3 d6 3.Bb5+ Nc6 4.O-O Bd7 5.c3 Nf6 6.Re1 a6 7.Ba4 c4 8.d4 cxd3
9.Qxd3 g6 10.Bg5 Bg7 11.Qd2 O-O 12.Bh6 b5 13.Bc2 Rc8 14.Bxg7 Kxg7 15.a4 Qb6
16.Na3 Be6 17.axb5 axb5 18.b4 Ne5 19.Nxe5 dxe5 20.Bd3 Rfd8 21.Qc2 Bb3 22.Qe2 Rxc3
23.Bxb5 Rd4 24.Qb2 Qc7 25.Nb1 Rcc4 26.Bxc4 Bxc4 27.Nc3 Qb6 28.b5 Bd3 29.Ra6 Qb7
30.Qa3 Rd7 31.Qc5 Bxe4 32.Nxe4 Qxe4 33.Raa1 Qb7 34.Qxe5 Rd5 35.Qxe7 Qxe7
36.Rxe7 Rxb5 37.g3 Ng8 38.Rc7 h5 39.Kg2 Nh6 40.Raa7 Rf5 41.f3 Rb5 42.Ra2 Rb3
43.Kf2 Nf5 44.Rd2 Nh6 45.h3 Nf5 46.Rcd7 Ra3 47.g4 hxg4 48.hxg4 Nh4 49.R2d3 Ra2+
50.Kg3 g5 51.f4 Ng6 52.fxg5 Ne5 53.Rd2 Ra3+ 54.Kf4 Ng6+ 55.Ke4 Rg3 56.Rf2 Rxg4+
57.Ke3 Ne5 58.Re7 Rxg5 59.Ke4 Ng4 60.Rfxf7+ Kg6 61.Rg7+ Kh5 62.Rxg5+ Kxg5
63.Rg7+ Kh5 64.Kf4 Nh6 65.Rg5+ Kh4 66.Re5 Nf7 67.Re7 Nh6 68.Re6 Kh5 69.Rf6 Ng8
70.Re6 Nh6 71.Re5+ Kg6 72.Rg5+ Kf6 73.Rh5 Nf7 74.Ra5 Nd6 75.Re5 Nf7 76.Rh5 Ke6
77.Ke4 Nd6+ 78.Kd4 Nf5+  1/2-1/2

[Event "Amplico ch-EUR Rapid"]
[Site "Warsaw POL"]
[Date "2012.12.16"]
[Round "10.31"]
[White "Maier,C"]
[Black "Tazbir,M"]
[Result "0-1"]
[WhiteElo "2354"]
[BlackElo "2555"]

1.e4 c5 2.Nf3 d6 3.Bb5+ Nc6 4.O-O Bd7 5.c3 a6 6.Bxc6 Bxc6 7.Re1 e5 8.d4 Qc7
9.b4 c4 10.a4 b5 11.Na3 Rb8 12.Nc2 Nf6 13.Bg5 Nxe4 14.axb5 axb5 15.d5 Nxc3
16.Qd4 Nxd5 17.Nxe5 dxe5 18.Rxe5+ Ne7 19.Bxe7 Bxe7 20.Rae1 O-O 21.Rxe7 Qd8
22.Qc5 Qd5 23.Qxd5 Bxd5 24.f3 g6 25.Kf2 Rfd8 26.R7e5 Be6 27.g4 Rd2+ 28.R1e2 Rbd8
29.Rc5 R2d5 30.Rc6 Rd3 31.Rc5 R8d5 32.Rc7 Rb3 33.Rc5 Kf8 34.Kg3 Rb2 35.Nd4 Rxe2
36.Rxd5 Bxd5 37.Nxe2 Ke7 38.Kf4 Kd6 39.Ke3 Bc6 40.f4 f6 41.h4 h6 42.Nd4 Bd7
43.Ke4 Bc6+ 44.Ke3 Be8 45.Ke4 Bd7 46.Ke3 Kd5 47.h5 gxh5 48.gxh5 c3 49.Kd3 c2
50.Nxc2 Bf5+  0-1

[Event "Amplico ch-EUR Rapid"]
[Site "Warsaw POL"]
[Date "2012.12.16"]
[Round "11.35"]
[White "Jurcik,Mari"]
[Black "Wieczorek,O"]
[Result "1/2-1/2"]
[WhiteElo "2496"]
[BlackElo "2316"]

1.e4 c5 2.Nf3 d6 3.Bb5+ Bd7 4.Bxd7+ Qxd7 5.c4 Nc6 6.O-O g6 7.d4 cxd4 8.Nxd4 Bg7
9.Ne2 Ne5 10.Na3 Rc8 11.Qb3 Nf6 12.f3 O-O 13.Be3 b6 14.Rac1 Qb7 15.Rfd1 Nfd7
16.Nb5 Nc5 17.Qa3 a6 18.Nbd4 b5 19.b4 Na4 20.cxb5 axb5 21.Qb3 Nb2 22.Re1 Ra8
23.Nc2  1/2-1/2

[Event "19th Zadar Open A"]
[Site "Zadar CRO"]
[Date "2012.12.19"]
[Round "5.5"]
[White "Predojevic,B"]
[Black "Franic,M"]
[Result "1-0"]
[WhiteElo "2600"]
[BlackElo "2414"]

1.e4 c5 2.Nf3 d6 3.Bb5+ Bd7 4.Bxd7+ Qxd7 5.c4 Nc6 6.Nc3 e6 7.O-O Nf6 8.d4 cxd4
9.Nxd4 Be7 10.Be3 O-O 11.Rc1 Rfc8 12.b3 a6 13.f3 h6 14.Qe2 Qd8 15.Rfd1 Qa5
16.Qd2 Kh8 17.a4 Ne5 18.Kh1 Rd8 19.Nde2 Rac8 20.h3 Ng6 21.f4 d5 22.exd5 Bb4
23.Bd4 Ne4 24.Qe3 Nxc3 25.Nxc3 exd5 26.f5  1-0

[Event "19th Zadar Open A"]
[Site "Zadar CRO"]
[Date "2012.12.20"]
[Round "7.3"]
[White "Predojevic,B"]
[Black "Saric,A"]
[Result "1-0"]
[WhiteElo "2600"]
[BlackElo "2533"]

1.e4 c5 2.Nf3 d6 3.Bb5+ Bd7 4.Bxd7+ Qxd7 5.O-O Nf6 6.Qe2 Nc6 7.Rd1 e5 8.c3 O-O-O
9.d4 exd4 10.cxd4 d5 11.e5 Ne4 12.Nc3 cxd4 13.Nxe4 dxe4 14.Qxe4 Bc5 15.Bg5 Qd5
16.Qg4+ Rd7 17.Rac1 Bb6 18.Bf4 g6 19.b4 h5 20.Qh3 Re8 21.a4 a6 22.b5 axb5
23.axb5 Qxb5 24.Rb1 Qa6 25.Ra1 Ba5 26.Nxd4 Nxd4 27.Rxd4 Re6 28.Rd5  1-0

[Event "World Cities Team GpC"]
[Site "Al-Ain UAE"]
[Date "2012.12.22"]
[Round "1.2"]
[White "Neiksans,A"]
[Black "Banikas,H"]
[Result "1-0"]
[WhiteElo "2534"]
[BlackElo "2620"]

1.e4 c5 2.Nf3 d6 3.Bb5+ Nd7 4.d4 Nf6 5.Nc3 cxd4 6.Qxd4 e5 7.Qd3 h6 8.Be3 a6
9.Bc4 b5 10.Bb3 Bb7 11.a4 Qa5 12.Nd2 b4 13.Nd5 Nxd5 14.Bxd5 Bxd5 15.exd5 Nf6
16.Nc4 Qxd5 17.O-O-O Rc8 18.Qxd5 Nxd5 19.Nxd6+ Bxd6 20.Rxd5 Ke7 21.Rhd1 Rhd8
22.Bb6 Rd7 23.Kb1 Ke6 24.Ba5 Rb8 25.Bc7 Rxc7 26.Rxd6+ Kf5 27.Rxa6 h5 28.Rad6 f6
29.Rd7 Rc4 30.Rxg7 b3 31.cxb3 Rxb3 32.Rg3 Rxg3 33.hxg3 Rxa4 34.Kc2 Rc4+ 35.Kb3 Re4
36.Rd2 Re1 37.Kc3 e4 38.b4 e3 39.fxe3 Rxe3+ 40.Rd3 Re2 41.b5 Rxg2 42.b6 Re2
43.b7 Re8 44.Rd4 Rb8 45.Rb4 Ke5 46.Kd3 f5 47.Ke3 f4+ 48.gxf4+ Kd6 49.f5 h4
50.Kf4 h3 51.Kg3  1-0

[Event "World Cities Team GpB"]
[Site "Al-Ain UAE"]
[Date "2012.12.22"]
[Round "1.1"]
[White "Shyam,N"]
[Black "Dzhumaev,M"]
[Result "0-1"]
[WhiteElo "2431"]
[BlackElo "2530"]

1.e4 c5 2.Nf3 d6 3.Bb5+ Nd7 4.d4 cxd4 5.Qxd4 a6 6.Bxd7+ Bxd7 7.Nc3 e5 8.Qd3 h6
9.Nd2 Bc6 10.O-O Nf6 11.Re1 b5 12.a3 Rc8 13.Nf1 Nd7 14.Be3 Be7 15.Rad1 Qc7
16.Qe2 Nf6 17.Bc1 O-O 18.Ng3 Bd7 19.h3 Be6 20.Qf3 Qd7 21.Nf1 Rc5 22.Ne3 Rfc8
23.Rd3 a5 24.Rdd1 b4 25.axb4 axb4 26.Ncd5 Bxd5 27.exd5 Re8 28.Nf5 Kh7 29.g4 Bd8
30.Qb3 h5 31.Bg5 g6 32.Bxf6 Bxf6 33.Ng3 Be7 34.Ne4 Rcc8 35.gxh5 f5 36.hxg6+ Kg7
37.Ng3 Rh8 38.Qd3 Rcf8 39.Ne2 f4 40.Kh2 e4  0-1

[Event "World Cities Team GpE"]
[Site "Al-Ain UAE"]
[Date "2012.12.22"]
[Round "1.5"]
[White "Ghaem Maghami,E"]
[Black "Vachier Lagrave,M"]
[Result "1/2-1/2"]
[WhiteElo "2572"]
[BlackElo "2711"]

1.e4 c5 2.Nf3 d6 3.Bb5+ Bd7 4.Bxd7+ Qxd7 5.O-O Nf6 6.Qe2 Nc6 7.Rd1 Rc8 8.c3 e6
9.d4 cxd4 10.Bg5 Be7 11.cxd4 h6 12.Bxf6 Bxf6 13.e5 Be7 14.exd6 Qxd6 15.Nc3 O-O
16.d5 exd5 17.Nxd5 Rfd8 18.Nxe7+ Qxe7 19.Qxe7 Nxe7 20.Rxd8+ Rxd8 21.Kf1 Kf8
22.Rc1 Nc6 23.Ke2 Rd5 24.Rc3 Rb5 25.b3 Ra5 26.a4 Ke7 27.Rd3 Rc5 28.Kd2 a5
29.Nd4 Nxd4 30.Rxd4 Ke6 31.Re4+  1/2-1/2

[Event "World Cities Team GpD"]
[Site "Al-Ain UAE"]
[Date "2012.12.22"]
[Round "1.1"]
[White "Safarli,E"]
[Black "Esen,B"]
[Result "1-0"]
[WhiteElo "2626"]
[BlackElo "2576"]

1.e4 c5 2.Nf3 d6 3.Bb5+ Nd7 4.O-O Nf6 5.Re1 a6 6.Bf1 b6 7.d4 cxd4 8.Nxd4 Bb7
9.f3 g6 10.c4 Bg7 11.Nc3 O-O 12.Be3 Rc8 13.Qd2 Re8 14.Rad1 e6 15.Nc2 Bf8
16.Bh6 Be7 17.Qf2 Qc7 18.Kh1 Qb8 19.Rd2 Ba8 20.Red1 Red8 21.h3 b5 22.cxb5 axb5
23.a3 d5 24.exd5 Bxd5 25.Bg5 Bb3 26.Rxd7 Rxd7 27.Rxd7 Bc5 28.Rd8+ Rxd8 29.Qxc5 Rc8
30.Qxb5 Nh5 31.Qxb8 Rxb8 32.Nb4 f6 33.Bh4 Rd8 34.Be1 f5 35.Kg1 g5 36.a4 Ra8
37.Bb5 Nf4 38.Nc6 Kg7 39.Nd4 Bd5 40.Nxd5 Nxd5 41.Bc6  1-0